Wykreślanka geograficzna. - Statystyki

Ogólne statystyki
  • Ten quiz został rozwiązany 26 razy
  • Średni wynik to 16 z 34
Answers on the Grid
Answers color-coded by a green-red scale on the quiz's grid according to % correct below.
r
m
a
l
i
p
r
g
l
a
o
r
f
k
u
l
k
z
a
a
s
a
r
u
k
k
s
n
i
s
a
i
u
v
a
f
v
i
a
l
k
r
e
i
a
g
r
f
t
y
p
a
e
k
f
z
y
m
t
s
r
z
y
m
a
o
m
a
n
k
j
e
m
e
n
g
h
r
a
k
 
Statystyki odpowiedzi
Odpowiedź % Poprawnych
o
74%
p
74%
a
70%
k
70%
l
70%
s
70%
a
65%
m
65%
e
61%
i
61%
j
61%
l
61%
a
57%
e
57%
m
57%
m
57%
n
57%
n
57%
o
52%
z
39%
m
35%
r
35%
y
35%
a
30%
a
26%
a
26%
e
26%
k
26%
r
26%
t
26%
a
22%
k
22%
l
22%
s
22%
Nie znaleziono quizów pasujących do podanych kryteriów
Rozkład punktacji
Procent ludzi z każdym wynikiem
Percentyl według liczby udzielonych odpowiedzi
Twoja historia wyników
Nie rozwiązałeś tego quizu